000 00284nam a2200133Ia 4500
100 _aGajjar/Dhiren
942 _cBK
654 _alogic
245 _aLogic circuits
260 _bStudents book depot
_aPune
_c1995
082 _a621.395-076
_bGAJ
300 _a311
546 _aENGLISH
999 _c23724
_d23724